000 00691nam a22001937a 4500
005 20170404132931.0
008 170404b mx ||||| |||| 00| 0 spa d
020 _a9707016957
050 0 4 _aF1219.1.O11
_bB37 2006
100 1 _aBarabas, Alicia M.
245 1 0 _aDones, dueños y santos
_b : ensayo sobre religiones en Oaxaca
_c / Alicia M Barabas.
250 _a1a ed.
260 _aMéxico, D.F. :
_bInstituto Nacional de Antropología e Historia :
_bMiguel Ángel Porrúa,
_c2006.
300 _a288 p. :
_bmaps ;
_c23 cm.
504 _aIncluye bibliografía
650 7 _aIndios de México
_zOaxaca
_xReligion.
_2lemb
651 4 _aOaxaca
_xReligión y mitología
942 _2lcc
_cLIB
999 _c132090
_d132090